Doctors Philatelic - Supplement # 1 (Jan 1958) (Record no. 2633)

000 -LEADER
fixed length control field 00382nam a22000977a 4500
008 - FIXED-LENGTH DATA ELEMENTS--GENERAL INFORMATION
fixed length control field 180217b xxu||||| |||| 00| 0 eng d
100 ## - MAIN ENTRY--AUTHOR'S NAME
Author's Name Gottfried, Oscar
245 ## - TITLE STATEMENT
Title Doctors Philatelic - Supplement # 1 (Jan 1958)
260 ## - PUBLICATION, DISTRIBUTION, ETC. (IMPRINT)
Place of publication, distribution, etc. New York
Name of publisher, distributor, etc. The American Physician, Inc
Date of publication, distribution, etc. 1958
650 ## - TOPICAL TERM (Tag)
Topical term or geographic name Topical Collecting -- Medicine | Topical Collecting -- Famous People | Topical Collecting -- Physicians
Holdings
Withdrawn status Lost status Source of classification or shelving scheme Damaged status Koha normalized classification for sorting Not for loan Permanent Location Current Location Shelving location Date acquired Total Checkouts Full call number Barcode Date last seen Copy number Price effective from
        G3201 T674 G685   Northern Philatelic Library Northern Philatelic Library General Stacks 02/17/2018   G3201 T674 G685 1002914 02/17/2018 1 02/17/2018

Powered by Koha